Vliv českého sociálního systému a daňových úlev na rozdělení příjmů

Analýza vplyvu súčasného českého sociálneho a daňového systému na rozdelenie príjmov v spoločnosti. Systém sociálnej starostlivosti. Životné minimum a systém sociálnej podpory. Podpora v nezamestnanosti, nemocenské dávky a daňové výdavky. Príjemci sociálnych dávok. Meranie efektívnosti sociálnych pr...

ver descrição completa

Na minha lista:
Detalhes bibliográficos
Autor principal: Schneider, Ondřej
Outros Autores: Jelínek, Tomáš
Formato: Capítulo de Livro
Idioma:tcheco
Assuntos:
Tags: Adicionar Tag
Sem tags, seja o primeiro a adicionar uma tag!

MARC

LEADER 00000naa a2200000 4500
001 r044337
005 20231003122438.0
041 0 |a cze 
044 |a CZ 
245 1 0 |a Vliv českého sociálního systému a daňových úlev na rozdělení příjmů  |c Ondřej Schneider, Tomáš Jelínek 
520 |a Analýza vplyvu súčasného českého sociálneho a daňového systému na rozdelenie príjmov v spoločnosti. Systém sociálnej starostlivosti. Životné minimum a systém sociálnej podpory. Podpora v nezamestnanosti, nemocenské dávky a daňové výdavky. Príjemci sociálnych dávok. Meranie efektívnosti sociálnych programov. 
610 2 0 |a systémy sociálne 
610 2 0 |a systémy daňové 
610 2 0 |a úľavy daňové 
610 2 0 |a príjmy 
610 2 0 |a Česko 
610 2 0 |a starostlivosť sociálna 
610 2 0 |a minimum existenčné 
610 2 0 |a podpory 
610 2 0 |a podpory v nezamestnanosti 
610 2 0 |a dávky poistenia nemocenského 
610 2 0 |a výdavky daňové 
610 2 0 |a dávky sociálne 
100 1 |a Schneider, Ondřej 
700 1 |a Jelínek, Tomáš